Newcastle United F.C. Transfer Record - Statistics

General Stats
  • This quiz has been taken 1,673 times
    169 since last reset
  • The average score is 15 of 23
Answer Stats
Fee Signed From Player % Correct
£63M Real Sociedad Alexander Isak
98%
£69M VfB Stuttgart Nick Woltemade
97%
£60M AC Milan Sandro Tonali
96%
£55M Nottingham Forest Anthony Elanga
90%
£45M Everton Anthony Gordon
88%
£33.3M Lyon Bruno Guimarães
88%
£40M 1899 Hoffenheim Joelinton
86%
Brentford Yoane Wissa
83%
£35M Lille Sven Botman
77%
£28M Chelsea Lewis Hall
73%
£43M Aston Villa Jacob Ramsey
72%
Arsenal Joe Willock
69%
£34.3M AC Milan Malick Thiaw
67%
£21M Atlanta United Miguel Almirón
67%
£15M Blackburn Rovers Alan Shearer
63%
Bournemouth Callum Wilson
61%
£25M Burnley Chris Wood
61%
£17M Real Madrid Michael Owen
49%
£20M Nice Allan Saint-Maximin
47%
Aston Villa Matt Targett
34%
Sheffield United William Osula
30%
Norwich City Jamal Lewis
25%
£22M Nottingham Forest Odysseas Vlachodimos
24%
No matching quizzes found
Score Distribution
Percent of People with Each Score
Percentile by Number Answered
Your Score History
You have not taken this quiz since the last reset